| 000 | 01605nam a2200265 a 4500 | ||
|---|---|---|---|
| 001 | ASIN1856697428 | ||
| 003 | OSt | ||
| 005 | 20180116192430.0 | ||
| 008 | 150813s2011 xxu eng d | ||
| 020 |
_a1856697428 (paperback) _c$24.95 |
||
| 020 | _a9781856697422 (paperback) | ||
| 040 | _c0 | ||
| 050 | 0 | 4 | _aTT195 |
| 082 | 0 | 4 | _a684.1 |
| 100 | 1 |
_aStuart, Christopher. _98170 |
|
| 245 | 1 | 0 |
_aDiy furniture : _ba step-by-step guide / _cChristopher Stuart. |
| 260 |
_aIslamabad : _bLaurence King Publishing, _c2011. |
||
| 300 |
_a144 p. ; _c25 cm. |
||
| 520 | _aFeaturing 30 designs by leading designer-makers from around the world DIY Furniture shows you how to use simple techniques to make stunning designer furniture from scratch. All the projects can be easily assembled using the step-by-step guides from common materials which can be found at the local hardware store. Along with designs for seating and storage, the book also features projects for making your own bed, wardrobe, lighting and garden furniture. Each project features hand-drawn diagrams with short, easy-to-follow instructions on how to build the piece. Whether building from scratch or customising existing designs, DIY Furniture allows you to create unique designer pieces at a fraction of the normal cost. Brief biographies of all the featured designers are included at the end of the book. | ||
| 650 | 0 |
_aDo-it-yourself work _98171 |
|
| 650 | 0 |
_aFurniture design _98172 |
|
| 650 | 0 |
_aFurniture making _98173 |
|
| 856 | 4 | 0 |
_3Amazon.com _uhttp://www.amazon.com/exec/obidos/ASIN/1856697428/chopaconline-20 |
| 942 |
_2ddc _cBK |
||
| 999 |
_c354099 _d354099 |
||